Rozšírený Leontiefov model so štruktúrnou dekompozíciou s aplikáciou na ekonomiku SR záverečná správa za celé obdobie riešenia projektu VEGA 1/0795/12 : doba riešenia od 01/2012 do 12/2014

Na minha lista:
Detalhes bibliográficos
Autor principal: Vondrová, Andrea, 1987-
Autor Corporativo: Ekonomická univerzita v Bratislave. Národohospodárska fakulta
Outros Autores: Luchava Havettová, Miroslava, Pobudová, Daniela, 1982-, Fifeková, Elena, Luptáčik, Mikuláš, Chandoga, Roman, Karabínoš, Stanislav, Nežinský, Eduard, 1972-, Habrman, Michal, Hudcovský, Martin, 1988-, Pružinský, Patrik, Kubala, Jozef, Petríková, Kristína
Formato: Livro
Idioma:eslovaco
Publicado em: Bratislava 2014
Assuntos:
Tags: Adicionar Tag
Sem tags, seja o primeiro a adicionar uma tag!

MARC

LEADER 00000nam a2200000 4500
001 0198999
005 20240506134113.6
041 0 |a slo 
044 |a SK 
245 1 0 |a Rozšírený Leontiefov model so štruktúrnou dekompozíciou s aplikáciou na ekonomiku SR  |b záverečná správa za celé obdobie riešenia projektu VEGA 1/0795/12 : doba riešenia od 01/2012 do 12/2014  |c vedúci projektu: Andrea Vondrová, spoluriešitelia: Miroslava Luchava Havettová ... [et al.] 
264 1 |a Bratislava  |c 2014 
300 |a 11 s. 
610 2 0 |a modely statické 
610 2 0 |a modelovanie 
610 2 0 |a analýzy 
610 2 0 |a dekompozícia 
100 1 |a Vondrová, Andrea, 1987- 
700 1 |a Luchava Havettová, Miroslava 
700 1 |a Pobudová, Daniela, 1982- 
700 1 |a Fifeková, Elena 
700 1 |a Luptáčik, Mikuláš 
700 1 |a Chandoga, Roman 
700 1 |a Karabínoš, Stanislav 
700 1 |a Nežinský, Eduard, 1972- 
700 1 |a Habrman, Michal 
700 1 |a Hudcovský, Martin, 1988- 
700 1 |a Pružinský, Patrik 
700 1 |a Kubala, Jozef 
700 1 |a Petríková, Kristína 
710 2 |a Ekonomická univerzita v Bratislave. Národohospodárska fakulta